Statistieken voor Landen in Oceanië

Klik hier om de quiz te nemen!

Algemene statistieken

  • Deze quiz is 7.894 keer genomen
  • De gemiddelde score is 10 van 14

Antwoorden op de kaart

Antwoorden kleurgecodeerd door een groen-rode schaal op de quizkaart volgens % correct hieronder.
Laden...
 

Antwoordstatistieken

Land% Correct
Australië
99%
Nieuw-Zeeland
98%
Papoea-Nieuw-Guinea
82%
Fiji
80%
Micronesia
68%
Marshalleilanden
67%
Salomonseilanden
67%
Tuvalu
64%
Kiribati
62%
Palau
62%
Tonga
60%
Samoa
59%
Nauru
58%
Vanuatu
56%

Scoreverdeling

Percentiel versus Aantal Correcte Antwoorden

Procent van Mensen met Elke Score

Uw Scoregeschiedenis

U heeft deze quiz nog niet genomen